Enviromentální aspekty nadmérného působení mědi
Základné úlohy medi v tele, hlavné rizikové zdroje, mechanizmus toxicity a enviromentálny dopad medi.
Uložené v:
| Hlavný autor: | |
|---|---|
| Ďalší autori: | |
| Médium: | Kapitola |
| Jazyk: | Czech |
| Predmet: | |
| Tagy: |
Žiadne tagy, Buďte prvý, kto otaguje tento záznam!
|
MARC
| LEADER | 00000naa a2200000 4500 | ||
|---|---|---|---|
| 001 | 0288293 | ||
| 005 | 20240417075216.7 | ||
| 041 | 0 | |a cze | |
| 044 | |a CZ | ||
| 245 | 1 | 0 | |a Enviromentální aspekty nadmérného působení mědi |c Vítézslav Vlček, Miroslav Pohanka |
| 520 | |a Základné úlohy medi v tele, hlavné rizikové zdroje, mechanizmus toxicity a enviromentálny dopad medi. | ||
| 610 | 2 | 0 | |a meď |
| 610 | 2 | 0 | |a toxikológia |
| 610 | 2 | 0 | |a znečistenie prostredia životného |
| 610 | 2 | 0 | |a populácia |
| 100 | 1 | |a Vlček, Vítézslav | |
| 700 | 1 | |a Pohanka, Miroslav | |